| 000 | 01235nam a22003497a 4500 | ||
|---|---|---|---|
| 003 | CHAP | ||
| 005 | 20220329143233.0 | ||
| 008 | 070611d 2005mx r 00110 spa d | ||
| 010 | _a93724 | ||
| 011 | _a94696 | ||
| 020 | _a9680201710 | ||
| 035 | _a105291 | ||
| 040 | _cCHAP | ||
| 090 | _aFolleto 17088 | ||
| 100 | 0 | 0 |
_aAguilar Sanchez, Genaro _eed. _92854 |
| 245 | 1 | 0 |
_aCatálogo de estudios maestría en ciencias en desarrollo rural regional _c/por Genaro Aguilar Sánchez |
| 260 |
_aChapingo. Méx. : _bUACH. Dirección de Centros Regionales Universitarios _c2005. |
||
| 300 | _a24 p. | ||
| 590 |
_aBATCH-UPD _b10 _c20130110 _lUCH01 _h0958 |
||
| 590 |
_aBATCH-UPD _b10 _c20130410 _lUCH01 _h0609 |
||
| 590 |
_aBATCH-UPD _b10 _c20130914 _lUCH01 _h1156 |
||
| 590 |
_aCONVERSION _b10 _c20130109 _lUCH01 _h1352 |
||
| 650 | 1 | 4 |
_aDesarrollo rural. _932067 |
| 650 | 1 | 4 |
_aEducación agrícola _xPlanes de estudio. _935539 |
| 650 | 1 | 4 |
_aEstudios de postgrado _xMéxico (Edo.) _938529 |
| 650 | 1 | 4 |
_aUACH _xPlanes de estudio. _9115804 |
| 901 | _aBK | ||
| 905 | _aElisama A. H. | ||
| 942 | _cFOLL | ||
| 949 |
_aFolleto 17088 _bBC _cFOLL _d33724002030207 _eTS1 _fc.2 _i105291 _sb |
||
| 949 |
_aFolleto 17088 _bBC _cUACH _d33724002030248 _eUACH _i105291 _sb |
||
| 999 |
_c93724 _d93724 |
||